000 00905nam a2200289Ia 4500
005 20210727153501.0
008 170503s2007 s g 000 f s
020 _a9788483461327
041 _aspa
100 1 _aCoetzee, John Maxwell
_d1940-
245 1 0 _aHombre lento
_cJ. M. Coetzee ; traducción de Javier Calvo
250 _a1a. edición
300 _a258 páginas
_c19 cm
490 _aContemporánea
586 _aPremio Nobel De Literatura, 2003
650 1 4 _2LEMB
_aNovela sudafricana
_ySiglo XX
650 1 4 _2LEMB
_aLiteratura sudafricana
_ySiglo XX
650 1 4 _2LEMB
_aVejez en la literatura
700 1 _aCalvo, Javier
_etraductor
942 _2loc
_cBKLIT
264 _aBarcelona
_bDebolsillo
_c2007
336 _atexto
_btxt
_2rdacontent
337 _asin mediación
_bn
_2rdamedia
338 _avolumen
_bnc
_2rdacarrier
040 _aCO-BoRNBP
_bspa
_erda
_cCO-BoRNBP
084 _aN COE1
999 _c8805
_d8805